[Event "Leutersdorf Sparkasse op 11th"]
[Site "Leutersdorf"]
[Date "2007.02.16"]
[Round "1"]
[White "Roessler, Katharina"]
[Black "Kapp, Frank"]
[Result "0-1"]
[WhiteElo "1139"]
[BlackElo "1780"]
[PlyCount "76"]
[EventDate "2007.02.16"]
[EventType "swiss"]
[EventRounds "7"]
[EventCountry "GER"]
[SourceTitle "CBM 117 Extra"]
[Source "ChessBase"]
[SourceDate "2007.05.09"]
[SourceVersion "1"]
[SourceVersionDate "2007.05.09"]
[SourceQuality "1"]

1. e4 e6 2. d4 d5 3. exd5 exd5 4. Nc3 c6 5. Nf3 Nf6 6. Bd3 Bd6 7. 0-0 0-0 8. Bg5 Bg4 9. Bxf6 Qxf6 10. Be2 Nd7 11. h3 Bh5 12. Nh2 Qf4 13. g3 Bxe2 14. Nxe2 Qh6 15. h4 Rae8 16. Qd3 f5 17. f4 Re7 18. Rf2 Qh5 19. Re1 Rfe8 20. Qf3 Qg6 21. Nf1 Nf6 22. Rg2 Ng4 23. Qd3 Ne3 24. Nxe3 Rxe3 25. Qd2 R8e4 26. Rf1 Qe6 27. Rgf2 b5 28. b4 Bxb4 29. Qxb4 Rxe2 30. Kh2 Rxf2+ 31. Rxf2 Qe7 32. Qc3 Re6 33. Rf1 b4 34. Qf3 Re3 35. Qg2 Qe4 36. Rf2 Qxg2+ 37. Rxg2 Ra3 38. Kh3 a5 0-1